00467nam a2200133Ia 4500008004100000082001100041100004000052245014100092260003900233300001200272520001100284650001800295700002000313230907s9999||||xx |||||||||||||| ||und|| a621.31 aMudassar Hassan Saeed (00000275858) 0aOptoelectronic and Electrochemical Properties of Highly Efficient Metal Doped ZnO as Electron Transport Layer in Perovskite Solar Cell / aUSPCAS-E, NUST,bIslamabad :c2021 ax, 73 p aTH-300 aMS-EEP Thesis aDr Sehar Shakir